Norma Chilena Oficial NCh 1467.Of78
Сохранить в:
| Корпоративные авторы: | , |
|---|---|
| Формат: | |
| Язык: | испанский |
| Опубликовано: |
Santiago
Instituto Nacional de Normalización
1978
|
| Редактирование: | 1a. ed |
| Предметы: | |
| Метки: |
Добавить метку
Нет меток, Требуется 1-ая метка записи!
|
MARC
| LEADER | 00000nam a2200000 a 4500 | ||
|---|---|---|---|
| 001 | UCG2023 | ||
| 003 | CL-VaPUC | ||
| 008 | 100603e19780000CL |||||||||||||||||spa|d | ||
| 082 | 0 | 4 | |a 690.22 |b INS |2 21 |
| 110 | 2 | |a Instituto Nacional de Normalización |e author |9 550221 | |
| 710 | 2 | |a INN |e author |9 550222 | |
| 245 | 1 | 0 | |a Norma Chilena Oficial NCh 1467.Of78 |
| 246 | 1 | 0 | |a Prevención de riesgos en corte y soldadura al arco - generalidades |
| 250 | |a 1a. ed | ||
| 300 | |a 8 p | ||
| 942 | |c BK | ||
| 945 | |d 20100603 00:00:00 |a dcastane | ||
| 260 | |a Santiago |b Instituto Nacional de Normalización |c 1978 | ||
| 650 | 0 | |a Seguridad en el trabajo |9 339687 | |
| 650 | 0 | |a Prevención de riesgos |9 387495 | |
| 650 | 7 | |a SOLDADURA AL ARCO |2 CL-VaPUC |9 518679 | |
| 650 | 7 | |a MEDIDAS DE SEGURIDAD LABORAL |2 CL-VaPUC |9 550223 | |
| 583 | |a last modification |c 20100603 00:00:00 |k Rodrigo Vera | ||
| 999 | |c 341266 |d 341264 | ||